El Núcleo de contradicciones del proceso integracionista centroamericano /

Wedi'i Gadw mewn:
Manylion Llyfryddiaeth
Prif Awdur: Murillo Monge, Miguel A.
Fformat: Texto
Iaith:Spanish
Pynciau:
Tagiau: Ychwanegu Tag
Dim Tagiau, Byddwch y cyntaf i dagio'r cofnod hwn!

MARC

LEADER 00000 a a2200000 04500
001 7779
003 cru CRAI/IIS
005 20210421111844.0
008 210421b ||||| |||| 00| 0 spa d
040 |c cru CRAI/IIS 
100 |a Murillo Monge, Miguel A.  
245 1 3 |a El Núcleo de contradicciones del proceso integracionista centroamericano /  |c Miguel A Murillo Monge  
500 |a Colección Centroamérica 
650 |a CAPITALISMO  
650 |a AMERICA CENTRAL  
650 |a DESIGUALDAD ECONOMICA  
650 |a BURGUESIA  
650 |a LUCHA DE CLASES  
773 |g Vol1.,Núm1. (1972), Páginas 73-84  
773 0 |0 18875  |9 5539  |a Universidad de Costa Rica.  |d San José, Costa Rica: Universidad de Costa Rica. Consejo Superior Universitario Centroamericano, 1972-  |o 13773  |t Estudios Sociales Centroamericanos /  |x 03039676 
942 |2 ddc  |c PP 
999 |c 32795  |d 32795